| 000 | 01257nam a2200289 i 4500 | ||
|---|---|---|---|
| 001 | bg | ||
| 245 | 0 | 0 |
_aKoncepcje i modele konsolidacji przedsiębiorstw w sektorze paliwowo-energetycznym : _bpraca zbiorowa / _cpod red. Jana Pyki ; [aut. rozdz. Jan Brzóska et al.]. |
| 260 |
_aKatowice : _bWydaw. Uczelniane Akademii Ekonomicznej im. Karola Adamieckiego, _c2003. |
||
| 300 |
_a460 s. : _bil. ; _c25 cm. |
||
| 490 | 1 | _aPrace Naukowe Akademii Ekonomicznej im. K. Adamieckiego w Katowicach | |
| 504 | _aBibliogr. | ||
| 650 | 9 |
_aEnergetyka _xgospodarka _zkraje gospodarczo rozwinięte |
|
| 650 | 9 |
_aEnergetyka _xpolityka _zkraje gospodarczo rozwinięte |
|
| 650 | 9 |
_aPaliwa _xgospodarka _zkraje gospodarczo rozwinięte |
|
| 650 | 9 |
_aEnergetyka _xgospodarka _zPolska _yod 1989 r. |
|
| 650 | 9 |
_aEnergetyka _xpolityka _zPolska _yod 1989 r. |
|
| 650 | 9 |
_aPaliwa _xgospodarka _zPolska _yod 1989 r. |
|
| 830 | _aPrace Naukowe Akademii Ekonomicznej im. K. Adamieckiego w Katowicach | ||
| 020 | _a8372462216 | ||
| 040 | _cBPK | ||
| 041 | 0 | _apol | |
| 080 | _a620.9:662.6/.7"1945/..."(438:4-15) | ||
| 920 | _a83-7246-221-6 | ||
| 942 | _cKS | ||
| 008 | s pl f |000 0 pol | ||
| 999 |
_c45729 _d45729 |
||
| 856 |
_uhttp://koha.tu.koszalin.pl/cgi-bin/koha/opac-detail.pl?biblionumber=45729 _yKatalog online BPK |
||